00692nam a2200217 a 450000100060000000300080000600500170001400800410003103500190007204000320009104100080012308200250013110000290015624500560018526000480024130000290028949000300031860000580034865000380040683000300044432691BD-RjUL20211209051900.0181014q19001959ii 000 0 eng  a(BD-RjUL)32781 aDLCcDLCdDLCbengeBD-RjUL aeng 223a297.63bKAM 19591 aKaldani, David Benjamin. 0aMohammad in the Bible /cby David Benjamin Kaldani aAllahabad,bAbbas Manzil Libraryc[1959? ] a393 p. :bIll. ;c18 cm. aIslamic series ;vno. 2.  aMuḥammad, cProphet,d-632 tProphetic office.  aBible xIslamic interpretations.  aIslamic series ;vno. 2.